00638nam a2200181 a 450000100100000000500170001000800410002704000250006808200150009311000630010824500140017126000690018530000210025450000420027504900090031795201130032699900170043900002402320200930022642.0110118s1983 dr 000 0 spa d aDO-SdBNPbspacBNPHU axxxbC397c1 aCentro de estudios de la realidad social dominicana94936310aCERESD 6. aSanto Domingo :bUniversidad Autónoma de Santo Domingo,c1983. a703 p. ;c25 cm. aIncluye notas al pie de las páginas aBNPD 0010718PDaPDbPDcCTd2011-01-18iLF1l0oxxx C397cp24023-10r2020-06-25w2020-06-25yLFPDZNo se presta c23518d23518